[Event "9. Forchheimer Sparkassen Open 2010"]
[Site "Forchheim"]
[Date "2010.10.02"]
[Round "2.5"]
[White "Götzel, Alfred"]
[Black "Boudkeev, Timour"]
[Result "1/2-1/2"]
[WhiteElo "1952"]
[BlackElo "1833"]
[PlyCount "105"]
[EventDate "2010.??.??"]
[WhiteTeam "SC Höchstadt/Aisch"]
[BlackTeam "SG Zürich"]

1. e4 {[%emt 0:00:00]} c6 {[%emt 0:00:01]} 2. Nc3 {[%emt 0:00:03]} d5 {
[%emt 0:00:01]} 3. f4 {[%emt 0:00:02]} e6 {[%emt 0:00:02]} 4. Nf3 {
[%emt 0:00:02]} dxe4 {[%emt 0:00:02]} 5. Nxe4 {[%emt 0:00:05]} Nf6 {
[%emt 0:00:02]} 6. Nxf6+ {[%emt 0:00:02]} Qxf6 {[%emt 0:00:03]} 7. d3 {
[%emt 0:00:02]} Bb4+ {[%emt 0:00:02]} 8. c3 {[%emt 0:00:02]} Bd6 {
[%emt 0:00:02]} 9. g3 {[%emt 0:00:02]} O-O {[%emt 0:00:07]} 10. Bg2 {
[%emt 0:00:02]} Nd7 {[%emt 0:00:02]} 11. O-O {[%emt 0:00:02]} Qe7 {
[%emt 0:00:02]} 12. d4 {[%emt 0:00:03]} Nf6 {[%emt 0:00:01]} 13. Ne5 {
[%emt 0:00:02]} Qc7 {[%emt 0:00:01]} 14. Bd2 {[%emt 0:00:02]} Qb6 {
[%emt 0:00:02]} 15. Nc4 {[%emt 0:00:03]} Qc7 {[%emt 0:00:02]} 16. Be3 {
[%emt 0:00:08]} Nd5 {[%emt 0:00:03]} 17. Bd2 {[%emt 0:00:02]} Bd7 {
[%emt 0:00:02]} 18. Ne5 {[%emt 0:00:02]} c5 {[%emt 0:00:02]} 19. Rc1 {
[%emt 0:00:05]} Ne7 {[%emt 0:00:02]} 20. Be1 {[%emt 0:00:10]} Bc6 {
[%emt 0:00:03]} 21. Nxc6 {[%emt 0:00:03]} Nxc6 {[%emt 0:00:02]} 22. Bf2 {
[%emt 0:00:02]} Ne7 {[%emt 0:00:02]} 23. Qh5 {[%emt 0:00:05]} g6 {
[%emt 0:00:01]} 24. Qg5 {[%emt 0:00:02]} Nf5 {[%emt 0:00:02]} 25. b4 {
[%emt 0:00:02]} cxd4 {[%emt 0:00:02]} 26. cxd4 {[%emt 0:00:01]} Qd7 {
[%emt 0:00:02]} 27. a3 {[%emt 0:00:02]} Rac8 {[%emt 0:00:01]} 28. d5 {
[%emt 0:00:01]} b6 {[%emt 0:00:01]} 29. dxe6 {[%emt 0:00:02]} Qxe6 {
[%emt 0:00:01]} 30. Bh3 {[%emt 0:00:02]} Rxc1 {[%emt 0:00:02]} 31. Rxc1 {
[%emt 0:00:02]} Rc8 {[%emt 0:00:02]} 32. Re1 {[%emt 0:00:04]} Qd5 {
[%emt 0:00:02]} 33. Bxf5 {[%emt 0:00:02]} Qxf5 {[%emt 0:00:04]} 34. Qxf5 {
[%emt 0:00:01]} gxf5 {[%emt 0:00:02]} 35. Bd4 {[%emt 0:00:03]} h5 {
[%emt 0:00:02]} 36. Re2 {[%emt 0:00:03]} Kh7 {[%emt 0:00:02]} 37. Kg2 {
[%emt 0:00:02]} Kg6 {[%emt 0:00:02]} 38. Rd2 {[%emt 0:00:04]} Be7 {
[%emt 0:00:03]} 39. Be5 {[%emt 0:00:03]} a5 {[%emt 0:00:02]} 40. bxa5 {
[%emt 0:00:02]} bxa5 {[%emt 0:00:01]} 41. Rd5 {[%emt 0:00:02]} Rc5 {
[%emt 0:00:02]} 42. Rxc5 {[%emt 0:00:01]} Bxc5 {[%emt 0:00:01]} 43. Bb2 {
[%emt 0:00:04]} Be7 {[%emt 0:00:02]} 44. Kf3 {[%emt 0:00:02]} Bc5 {
[%emt 0:00:05]} 45. Bc3 {[%emt 0:00:05]} Bxa3 {[%emt 0:00:01]} 46. Bxa5 {
[%emt 0:00:01]} Bc5 {[%emt 0:00:03]} 47. Bd8 {[%emt 0:00:02]} Bd4 {
[%emt 0:00:03]} 48. Ke2 {[%emt 0:00:02]} Bc5 {[%emt 0:00:02]} 49. Ba5 {
[%emt 0:00:03]} Be7 {[%emt 0:00:03]} 50. Bb6 {[%emt 0:00:02]} Ba3 {
[%emt 0:00:02]} 51. Kf3 {[%emt 0:00:02]} Bb4 {[%emt 0:00:04]} 52. Bf2 {
[%emt 0:00:03]} Be7 {[%emt 0:00:02]} 53. Bd4 {[%emt 0:00:02]} 1/2-1/2

[Event "9. Forchheimer Sparkassen Open 2010"]
[Site "Forchheim"]
[Date "2010.10.02"]
[Round "2.6"]
[White "Wagner, Robert"]
[Black "Mager, Denis"]
[Result "1/2-1/2"]
[WhiteElo "1826"]
[BlackElo "1678"]
[PlyCount "100"]
[EventDate "2010.??.??"]
[WhiteTeam "SC Forchheim e.V."]
[BlackTeam "SAbt TuS Makkabi Ffm"]

1. d4 {[%emt 0:00:00]} d5 {[%emt 0:00:01]} 2. c4 {[%emt 0:00:02]} c6 {
[%emt 0:00:01]} 3. Nc3 {[%emt 0:00:02]} Nf6 {[%emt 0:00:01]} 4. Nf3 {
[%emt 0:00:02]} Bf5 {[%emt 0:00:01]} 5. e3 {[%emt 0:00:00]} Nbd7 {
[%emt 0:00:01]} 6. Bd3 {[%emt 0:00:03]} Bxd3 {[%emt 0:00:02]} 7. Qxd3 {
[%emt 0:00:01]} Qc7 {[%emt 0:00:03]} 8. Bd2 {[%emt 0:00:02]} dxc4 {
[%emt 0:00:02]} 9. Qxc4 {[%emt 0:00:02]} e5 {[%emt 0:00:02]} 10. dxe5 {
[%emt 0:00:02]} Nxe5 {[%emt 0:00:03]} 11. Nxe5 {[%emt 0:00:01]} Qxe5 {
[%emt 0:00:01]} 12. O-O {[%emt 0:00:02]} Bd6 {[%emt 0:00:01]} 13. f4 {
[%emt 0:00:03]} Qc5 {[%emt 0:00:05]} 14. Ne4 {[%emt 0:00:07]} Nxe4 {
[%emt 0:00:03]} 15. Qxe4+ {[%emt 0:00:03]} Be7 {[%emt 0:00:02]} 16. Rac1 {
[%emt 0:00:03]} Qd5 {[%emt 0:00:02]} 17. Qxd5 {[%emt 0:00:03]} cxd5 {
[%emt 0:00:01]} 18. Rfd1 {[%emt 0:00:03]} Bf6 {[%emt 0:00:02]} 19. Bc3 {
[%emt 0:00:02]} Bxc3 {[%emt 0:00:02]} 20. Rxc3 {[%emt 0:00:03]} O-O {
[%emt 0:00:02]} 21. Rxd5 {[%emt 0:00:02]} Rfd8 {[%emt 0:00:03]} 22. e4 {
[%emt 0:00:02]} Rxd5 {[%emt 0:00:02]} 23. exd5 {[%emt 0:00:01]} Kf8 {
[%emt 0:00:02]} 24. Rc7 {[%emt 0:00:06]} Rb8 {[%emt 0:00:20]} 25. Kf2 {
[%emt 0:00:03]} Rd8 {[%emt 0:00:02]} 26. Rxb7 {[%emt 0:00:02]} Rxd5 {
[%emt 0:00:02]} 27. Rxa7 {[%emt 0:00:01]} Rd2+ {[%emt 0:00:01]} 28. Kf3 {
[%emt 0:00:08]} Rxb2 {[%emt 0:00:02]} 29. a4 {[%emt 0:00:02]} f5 {
[%emt 0:00:02]} 30. a5 {[%emt 0:00:08]} Rb3+ {[%emt 0:00:02]} 31. Kf2 {
[%emt 0:00:02]} Rb2+ {[%emt 0:00:02]} 32. Kg3 {[%emt 0:00:02]} Rb3+ {
[%emt 0:00:02]} 33. Kh4 {[%emt 0:00:03]} Rb2 {[%emt 0:00:02]} 34. Kh3 {
[%emt 0:00:02]} h6 {[%emt 0:00:01]} 35. a6 {[%emt 0:00:02]} Rb3+ {
[%emt 0:00:02]} 36. g3 {[%emt 0:00:01]} Ra3 {[%emt 0:00:01]} 37. Ra8+ {
[%emt 0:00:02]} Kf7 {[%emt 0:00:01]} 38. a7 {[%emt 0:00:01]} Kg6 {
[%emt 0:00:01]} 39. Kg2 {[%emt 0:00:02]} Kh5 {[%emt 0:00:02]} 40. h3 {
[%emt 0:00:02]} Kg6 {[%emt 0:00:02]} 41. g4 {[%emt 0:00:02]} fxg4 {
[%emt 0:00:01]} 42. hxg4 {[%emt 0:00:02]} Kh7 {[%emt 0:00:02]} 43. f5 {
[%emt 0:00:02]} Ra2+ {[%emt 0:00:02]} 44. Kf3 {[%emt 0:00:02]} Ra3+ {
[%emt 0:00:01]} 45. Kf4 {[%emt 0:00:02]} Ra4+ {[%emt 0:00:02]} 46. Ke5 {
[%emt 0:00:01]} Ra5+ {[%emt 0:00:03]} 47. Ke4 {[%emt 0:00:02]} Ra1 {
[%emt 0:00:03]} 48. Kd5 {[%emt 0:00:02]} Rd1+ {[%emt 0:00:02]} 49. Ke6 {
[%emt 0:00:02]} Re1+ {[%emt 0:00:02]} 50. Kf7 {[%emt 0:00:02]} Ra1 {
[%emt 0:00:03]} 1/2-1/2

[Event "9. Forchheimer Sparkassen Open 2010"]
[Site "Forchheim"]
[Date "2010.10.02"]
[Round "2.7"]
[White "Becker, Matthias"]
[Black "von der Linden, Armin"]
[Result "0-1"]
[WhiteElo "1828"]
[BlackElo "2013"]
[PlyCount "96"]
[EventDate "2010.??.??"]
[WhiteTeam "SC 1975 Paimar"]
[BlackTeam "SF Zeiler Turm"]

1. e4 {[%emt 0:00:00]} c5 {[%emt 0:00:01]} 2. Nf3 {[%emt 0:00:03]} d6 {
[%emt 0:00:01]} 3. d4 {[%emt 0:00:02]} cxd4 {[%emt 0:00:01]} 4. Nxd4 {
[%emt 0:00:02]} Nf6 {[%emt 0:00:01]} 5. Nc3 {[%emt 0:00:02]} a6 {[%emt 0:00:01]
} 6. Bc4 {[%emt 0:00:02]} e6 {[%emt 0:00:02]} 7. Bb3 {[%emt 0:00:02]} Be7 {
[%emt 0:00:02]} 8. f4 {[%emt 0:00:02]} Nbd7 {[%emt 0:00:02]} 9. O-O {
[%emt 0:00:02]} Nc5 {[%emt 0:00:02]} 10. Qf3 {[%emt 0:00:02]} Nxb3 {
[%emt 0:00:02]} 11. axb3 {[%emt 0:00:01]} O-O {[%emt 0:00:02]} 12. Kh1 {
[%emt 0:00:02]} Qc7 {[%emt 0:00:02]} 13. Be3 {[%emt 0:00:02]} Bd7 {
[%emt 0:00:01]} 14. Rad1 {[%emt 0:00:02]} Rac8 {[%emt 0:00:02]} 15. e5 {
[%emt 0:00:02]} Ne8 {[%emt 0:00:02]} 16. Qe4 {[%emt 0:00:02]} Bc6 {
[%emt 0:00:01]} 17. Nxc6 {[%emt 0:00:02]} Qxc6 {[%emt 0:00:01]} 18. Rd2 {
[%emt 0:00:02]} Qxe4 {[%emt 0:00:02]} 19. Nxe4 {[%emt 0:00:01]} d5 {
[%emt 0:00:02]} 20. Nf2 {[%emt 0:00:02]} Bc5 {[%emt 0:00:02]} 21. Bxc5 {
[%emt 0:00:03]} Rxc5 {[%emt 0:00:01]} 22. Nd3 {[%emt 0:00:02]} Rc8 {
[%emt 0:00:01]} 23. Kg1 {[%emt 0:00:02]} g6 {[%emt 0:00:01]} 24. b4 {
[%emt 0:00:03]} Ng7 {[%emt 0:00:03]} 25. g4 {[%emt 0:00:03]} h5 {[%emt 0:00:02]
} 26. h3 {[%emt 0:00:01]} hxg4 {[%emt 0:00:01]} 27. hxg4 {[%emt 0:00:01]} Rc7 {
[%emt 0:00:02]} 28. c3 {[%emt 0:00:02]} Rfc8 {[%emt 0:00:02]} 29. Kf2 {
[%emt 0:00:02]} Rc4 {[%emt 0:00:02]} 30. Kf3 {[%emt 0:00:02]} d4 {
[%emt 0:00:01]} 31. cxd4 {[%emt 0:00:02]} Rxd4 {[%emt 0:00:01]} 32. Ke3 {
[%emt 0:00:03]} Rcd8 {[%emt 0:00:02]} 33. Rfd1 {[%emt 0:00:03]} g5 {
[%emt 0:00:01]} 34. fxg5 {[%emt 0:00:03]} Rxg4 {[%emt 0:00:03]} 35. Nc5 {
[%emt 0:00:02]} Rxd2 {[%emt 0:00:02]} 36. Rxd2 {[%emt 0:00:01]} Rxb4 {
[%emt 0:00:06]} 37. Ne4 {[%emt 0:00:02]} Kh7 {[%emt 0:00:03]} 38. Rh2+ {
[%emt 0:00:03]} Kg6 {[%emt 0:00:01]} 39. Rh6+ {[%emt 0:00:04]} Kf5 {
[%emt 0:00:01]} 40. Nd6+ {[%emt 0:00:04]} Kxe5 {[%emt 0:00:03]} 41. Nxf7+ {
[%emt 0:00:03]} Kd5 {[%emt 0:00:01]} 42. Rh2 {[%emt 0:00:14]} Rb3+ {
[%emt 0:00:01]} 43. Kf4 {[%emt 0:00:02]} e5+ {[%emt 0:00:02]} 44. Kg4 {
[%emt 0:00:05]} Rb4+ {[%emt 0:00:01]} 45. Kg3 {[%emt 0:00:03]} Nf5+ {
[%emt 0:00:02]} 46. Kf3 {[%emt 0:00:01]} Rf4+ {[%emt 0:00:02]} 47. Ke2 {
[%emt 0:00:02]} Nd4+ {[%emt 0:00:02]} 48. Kd1 {[%emt 0:00:02]} Rf1+ {
[%emt 0:00:02]} 0-1

[Event "9. Forchheimer Sparkassen Open 2010"]
[Site "Forchheim"]
[Date "2010.10.02"]
[Round "2.8"]
[White "Thürauf, Peter"]
[Black "Balhar, Michael"]
[Result "1/2-1/2"]
[WhiteElo "1920"]
[BlackElo "1812"]
[PlyCount "34"]
[EventDate "2010.??.??"]
[WhiteTeam "SW Nürnberg Süd e.V."]
[BlackTeam "SC Erlangen 48/88"]

1. d4 {[%emt 0:00:00]} d5 {[%emt 0:00:02]} 2. Nf3 {[%emt 0:00:02]} Nf6 {
[%emt 0:00:01]} 3. c4 {[%emt 0:00:03]} dxc4 {[%emt 0:00:01]} 4. Nc3 {
[%emt 0:00:04]} a6 {[%emt 0:00:01]} 5. a4 {[%emt 0:00:02]} Nc6 {[%emt 0:00:01]}
6. e3 {[%emt 0:00:03]} Na5 {[%emt 0:00:01]} 7. Ne5 {[%emt 0:00:04]} Be6 {
[%emt 0:00:01]} 8. e4 {[%emt 0:00:32]} Nb3 {[%emt 0:00:03]} 9. d5 {
[%emt 0:00:02]} Nxa1 {[%emt 0:00:02]} 10. Bxc4 {[%emt 0:00:00]} Bc8 {
[%emt 0:00:03]} 11. O-O {[%emt 0:00:04]} g6 {[%emt 0:00:02]} 12. Bg5 {
[%emt 0:00:03]} Bg7 {[%emt 0:00:02]} 13. Qxa1 {[%emt 0:00:06]} O-O {
[%emt 0:00:03]} 14. Qa2 {[%emt 0:00:03]} Nxe4 {[%emt 0:00:03]} 15. Nxf7 {
[%emt 0:00:02]} Nxc3 {[%emt 0:00:03]} 16. bxc3 {[%emt 0:00:01]} Rxf7 {
[%emt 0:00:01]} 17. d6 {[%emt 0:00:01]} Qxd6 {[%emt 0:00:07]} 1/2-1/2

[Event "9. Forchheimer Sparkassen Open 2010"]
[Site "Forchheim"]
[Date "2010.10.02"]
[Round "2.9"]
[White "Schulz, Lukas"]
[Black "Weber, Daniel"]
[Result "1-0"]
[WhiteElo "1612"]
[BlackElo "1685"]
[PlyCount "73"]
[EventDate "2010.??.??"]
[WhiteTeam "SC Höchstadt/Aisch"]
[BlackTeam "SC Bechhofen 1923 e.V."]

1. e4 {[%emt 0:00:00]} e6 {[%emt 0:00:03]} 2. d4 {[%emt 0:00:02]} d5 {
[%emt 0:00:01]} 3. exd5 {[%emt 0:00:03]} exd5 {[%emt 0:00:02]} 4. Bd3 {
[%emt 0:00:02]} Bd6 {[%emt 0:00:02]} 5. Nf3 {[%emt 0:00:02]} Ne7 {
[%emt 0:00:02]} 6. Be3 {[%emt 0:00:02]} c6 {[%emt 0:00:01]} 7. c3 {
[%emt 0:00:02]} Bf5 {[%emt 0:00:02]} 8. O-O {[%emt 0:00:02]} O-O {
[%emt 0:00:02]} 9. Bxf5 {[%emt 0:00:01]} Nxf5 {[%emt 0:00:01]} 10. Qd3 {
[%emt 0:00:02]} Nxe3 {[%emt 0:00:01]} 11. fxe3 {[%emt 0:00:01]} f5 {
[%emt 0:00:02]} 12. Nbd2 {[%emt 0:00:02]} g5 {[%emt 0:00:00]} 13. c4 {
[%emt 0:00:03]} Nd7 {[%emt 0:00:04]} 14. Qb3 {[%emt 0:00:03]} g4 {
[%emt 0:00:02]} 15. cxd5 {[%emt 0:00:02]} gxf3 {[%emt 0:00:02]} 16. dxc6+ {
[%emt 0:00:02]} Kh8 {[%emt 0:00:05]} 17. Rxf3 {[%emt 0:00:03]} bxc6 {
[%emt 0:00:09]} 18. Raf1 {[%emt 0:00:05]} Rb8 {[%emt 0:00:04]} 19. Qc2 {
[%emt 0:00:03]} Qe7 {[%emt 0:00:02]} 20. Qxc6 {[%emt 0:00:03]} Rfc8 {
[%emt 0:00:12]} 21. Qd5 {[%emt 0:00:04]} Rc2 {[%emt 0:00:03]} 22. Nc4 {
[%emt 0:00:02]} Rg8 {[%emt 0:00:05]} 23. R3f2 {[%emt 0:00:02]} Qh4 {
[%emt 0:00:04]} 24. Nxd6 {[%emt 0:00:04]} Rxf2 {[%emt 0:00:04]} 25. Rxf2 {
[%emt 0:00:02]} f4 {[%emt 0:00:01]} 26. exf4 {[%emt 0:00:44]} Nf6 {
[%emt 0:00:02]} 27. Nf7+ {[%emt 0:00:02]} Kg7 {[%emt 0:00:02]} 28. Qg5+ {
[%emt 0:00:02]} Qxg5 {[%emt 0:00:02]} 29. Nxg5 {[%emt 0:00:02]} Re8 {
[%emt 0:00:02]} 30. g3 {[%emt 0:00:05]} Ng4 {[%emt 0:00:03]} 31. Rd2 {
[%emt 0:00:03]} h6 {[%emt 0:00:02]} 32. Nf3 {[%emt 0:00:02]} Re3 {
[%emt 0:00:02]} 33. Ne5 {[%emt 0:00:02]} Nf6 {[%emt 0:00:02]} 34. Kf2 {
[%emt 0:00:07]} Re4 {[%emt 0:00:02]} 35. Kf3 {[%emt 0:00:02]} Re1 {
[%emt 0:00:02]} 36. d5 {[%emt 0:00:02]} Ne4 {[%emt 0:00:29]} 37. Re2 {
[%emt 0:00:03]} 1-0

[Event "9. Forchheimer Sparkassen Open 2010"]
[Site "Forchheim"]
[Date "2010.10.02"]
[Round "2.10"]
[White "Stolzenwald, Karl-Heinz"]
[Black "Dyroff, Roland"]
[Result "0-1"]
[WhiteElo "1778"]
[BlackElo "1773"]
[PlyCount "78"]
[EventDate "2010.??.??"]
[WhiteTeam "Post-SV Memmingen e.V."]
[BlackTeam "SW Nürnberg Süd e.V."]

1. b4 {[%emt 0:00:00]} d5 {[%emt 0:00:02]} 2. Bb2 {[%emt 0:00:02]} Bg4 {
[%emt 0:00:02]} 3. Nf3 {[%emt 0:00:02]} e6 {[%emt 0:00:01]} 4. e3 {
[%emt 0:00:02]} Nf6 {[%emt 0:00:10]} 5. b5 {[%emt 0:00:20]} c5 {[%emt 0:00:02]}
6. Be2 {[%emt 0:00:08]} Bd6 {[%emt 0:00:02]} 7. O-O {[%emt 0:00:14]} O-O {
[%emt 0:00:01]} 8. d3 {[%emt 0:00:02]} Nbd7 {[%emt 0:00:02]} 9. Nbd2 {
[%emt 0:00:02]} Qc7 {[%emt 0:00:02]} 10. h3 {[%emt 0:00:02]} Bh5 {
[%emt 0:00:02]} 11. a4 {[%emt 0:00:03]} a6 {[%emt 0:00:01]} 12. c4 {
[%emt 0:00:28]} Ne5 {[%emt 0:00:19]} 13. Nxe5 {[%emt 0:00:02]} Bxe2 {
[%emt 0:00:02]} 14. Qxe2 {[%emt 0:00:02]} Bxe5 {[%emt 0:00:01]} 15. d4 {
[%emt 0:00:00]} cxd4 {[%emt 0:00:06]} 16. exd4 {[%emt 0:00:02]} Bh2+ {
[%emt 0:00:02]} 17. Kh1 {[%emt 0:00:02]} Bf4 {[%emt 0:00:02]} 18. c5 {
[%emt 0:00:02]} Qa5 {[%emt 0:00:02]} 19. Rfd1 {[%emt 0:00:02]} Qb4 {
[%emt 0:00:02]} 20. Ba3 {[%emt 0:00:02]} Qxd4 {[%emt 0:00:05]} 21. c6 {
[%emt 0:00:04]} Rfb8 {[%emt 0:00:03]} 22. Be7 {[%emt 0:00:03]} bxc6 {
[%emt 0:00:02]} 23. Bxf6 {[%emt 0:00:02]} Qxf6 {[%emt 0:00:02]} 24. bxc6 {
[%emt 0:00:02]} Rb2 {[%emt 0:00:02]} 25. Rab1 {[%emt 0:00:04]} Qc3 {
[%emt 0:00:03]} 26. Rxb2 {[%emt 0:00:03]} Qxb2 {[%emt 0:00:01]} 27. g3 {
[%emt 0:00:02]} Bxd2 {[%emt 0:00:01]} 28. Qxd2 {[%emt 0:00:02]} Qxd2 {
[%emt 0:00:01]} 29. Rxd2 {[%emt 0:00:01]} Kf8 {[%emt 0:00:03]} 30. Rb2 {
[%emt 0:00:02]} Rc8 {[%emt 0:00:03]} 31. Rb6 {[%emt 0:00:03]} a5 {
[%emt 0:00:02]} 32. Ra6 {[%emt 0:00:03]} Ke7 {[%emt 0:00:02]} 33. Ra7+ {
[%emt 0:00:02]} Kf6 {[%emt 0:00:04]} 34. c7 {[%emt 0:00:02]} Ke5 {
[%emt 0:00:01]} 35. Kg1 {[%emt 0:00:02]} Kd4 {[%emt 0:00:02]} 36. Kf1 {
[%emt 0:00:02]} Kc3 {[%emt 0:00:01]} 37. Rxa5 {[%emt 0:00:03]} Rxc7 {
[%emt 0:00:01]} 38. Rb5 {[%emt 0:00:02]} d4 {[%emt 0:00:01]} 39. Ke2 {
[%emt 0:00:02]} Kc2 {[%emt 0:00:01]} 0-1

[Event "9. Forchheimer Sparkassen Open 2010"]
[Site "Forchheim"]
[Date "2010.10.02"]
[Round "2.11"]
[White "Glawe, Ralf"]
[Black "Schreck, Michael"]
[Result "0-1"]
[WhiteElo "1771"]
[BlackElo "1837"]
[PlyCount "86"]
[EventDate "2010.??.??"]
[WhiteTeam "MTV Ingolstadt"]
[BlackTeam "TV Faulbach e.V. 1920"]

1. e4 {[%emt 0:00:00]} c5 {[%emt 0:00:01]} 2. Nf3 {[%emt 0:00:02]} Nc6 {
[%emt 0:00:02]} 3. Bb5 {[%emt 0:00:02]} g6 {[%emt 0:00:01]} 4. O-O {
[%emt 0:00:18]} Bg7 {[%emt 0:00:11]} 5. Re1 {[%emt 0:00:02]} Nf6 {
[%emt 0:00:01]} 6. e5 {[%emt 0:00:02]} Nd5 {[%emt 0:00:01]} 7. Bxc6 {
[%emt 0:00:03]} dxc6 {[%emt 0:00:02]} 8. h3 {[%emt 0:00:02]} O-O {
[%emt 0:00:03]} 9. d3 {[%emt 0:00:05]} Qb6 {[%emt 0:00:02]} 10. Nbd2 {
[%emt 0:00:04]} Qc7 {[%emt 0:00:12]} 11. a4 {[%emt 0:00:02]} a5 {[%emt 0:00:08]
} 12. Nc4 {[%emt 0:00:02]} Bd7 {[%emt 0:00:11]} 13. Bd2 {[%emt 0:00:03]} h6 {
[%emt 0:00:03]} 14. Qe2 {[%emt 0:00:02]} Be6 {[%emt 0:00:02]} 15. b3 {
[%emt 0:00:02]} Rfe8 {[%emt 0:00:02]} 16. Nh2 {[%emt 0:00:02]} b5 {
[%emt 0:00:02]} 17. axb5 {[%emt 0:00:02]} cxb5 {[%emt 0:00:01]} 18. Nxa5 {
[%emt 0:00:06]} Nb4 {[%emt 0:00:03]} 19. c3 {[%emt 0:00:04]} Nc2 {
[%emt 0:00:02]} 20. b4 {[%emt 0:00:02]} Nxa1 {[%emt 0:00:02]} 21. Rxa1 {
[%emt 0:00:03]} cxb4 {[%emt 0:00:02]} 22. cxb4 {[%emt 0:00:01]} Bxe5 {
[%emt 0:00:07]} 23. Rc1 {[%emt 0:00:02]} Bxh2+ {[%emt 0:00:04]} 24. Kh1 {
[%emt 0:00:00]} Qe5 {[%emt 0:00:03]} 25. Qf3 {[%emt 0:00:02]} Bd5 {
[%emt 0:00:02]} 26. Qg4 {[%emt 0:00:02]} h5 {[%emt 0:00:02]} 27. Qh4 {
[%emt 0:00:02]} Qe2 {[%emt 0:00:02]} 28. Bc3 {[%emt 0:00:03]} Bd6 {
[%emt 0:00:02]} 29. Qd4 {[%emt 0:00:03]} Bxg2+ {[%emt 0:00:03]} 30. Kxg2 {
[%emt 0:00:02]} f6 {[%emt 0:00:02]} 31. Re1 {[%emt 0:00:03]} Qa2 {
[%emt 0:00:02]} 32. Qe4 {[%emt 0:00:03]} Kg7 {[%emt 0:00:02]} 33. Nc6 {
[%emt 0:00:02]} Rac8 {[%emt 0:00:00]} 34. Bd4 {[%emt 0:00:02]} Qa8 {
[%emt 0:00:04]} 35. Rc1 {[%emt 0:00:05]} Bxb4 {[%emt 0:00:03]} 36. f4 {
[%emt 0:00:04]} Bd2 {[%emt 0:00:02]} 37. Rc5 {[%emt 0:00:10]} Bxf4 {
[%emt 0:00:03]} 38. Qe6 {[%emt 0:00:09]} Bd6 {[%emt 0:00:07]} 39. Rxh5 {
[%emt 0:00:03]} Qxc6+ {[%emt 0:00:03]} 40. Rd5 {[%emt 0:00:03]} Qc2+ {
[%emt 0:00:05]} 41. Kf3 {[%emt 0:00:04]} Qxd3+ {[%emt 0:00:02]} 42. Be3 {
[%emt 0:00:05]} Qf1+ {[%emt 0:00:05]} 43. Bf2 {[%emt 0:00:03]} Rc3+ {
[%emt 0:00:10]} 0-1

[Event "9. Forchheimer Sparkassen Open 2010"]
[Site "Forchheim"]
[Date "2010.10.02"]
[Round "2.12"]
[White "Pühn, Georg"]
[Black "Killmann, Reinmar"]
[Result "1-0"]
[WhiteElo "1961"]
[BlackElo "1648"]
[PlyCount "51"]
[EventDate "2010.??.??"]
[WhiteTeam "SC Noris-Tarrasch Nürnberg 1873"]
[BlackTeam "SC Forchheim e.V."]

1. e4 {[%emt 0:00:00]} d5 {[%emt 0:00:01]} 2. exd5 {[%emt 0:00:02]} Qxd5 {
[%emt 0:00:01]} 3. Nf3 {[%emt 0:00:03]} Bg4 {[%emt 0:00:02]} 4. Be2 {
[%emt 0:00:05]} Nf6 {[%emt 0:00:03]} 5. d4 {[%emt 0:00:03]} e6 {[%emt 0:00:01]}
6. O-O {[%emt 0:00:02]} Be7 {[%emt 0:00:02]} 7. c4 {[%emt 0:00:02]} Qd8 {
[%emt 0:00:01]} 8. Qb3 {[%emt 0:00:02]} Qc8 {[%emt 0:00:02]} 9. Nc3 {
[%emt 0:00:02]} c6 {[%emt 0:00:17]} 10. h3 {[%emt 0:00:01]} Bh5 {[%emt 0:00:01]
} 11. Bf4 {[%emt 0:00:03]} Nbd7 {[%emt 0:00:03]} 12. Rac1 {[%emt 0:00:03]} c5 {
[%emt 0:00:02]} 13. d5 {[%emt 0:00:02]} Bxf3 {[%emt 0:00:02]} 14. Bxf3 {
[%emt 0:00:01]} e5 {[%emt 0:00:03]} 15. Bg3 {[%emt 0:00:02]} a6 {[%emt 0:00:02]
} 16. d6 {[%emt 0:00:02]} Bxd6 {[%emt 0:00:04]} 17. Bxb7 {[%emt 0:00:01]} Qb8 {
[%emt 0:00:05]} 18. Bxa8 {[%emt 0:00:02]} Qxa8 {[%emt 0:00:01]} 19. Rcd1 {
[%emt 0:00:00]} Qc6 {[%emt 0:00:03]} 20. Rd2 {[%emt 0:00:02]} O-O {
[%emt 0:00:02]} 21. Rfd1 {[%emt 0:00:03]} Bc7 {[%emt 0:00:02]} 22. Qa4 {
[%emt 0:00:02]} Qxa4 {[%emt 0:00:03]} 23. Nxa4 {[%emt 0:00:01]} Nb6 {
[%emt 0:00:03]} 24. Nxc5 {[%emt 0:00:02]} Nxc4 {[%emt 0:00:03]} 25. Rc2 {
[%emt 0:00:03]} Na5 {[%emt 0:00:01]} 26. b4 {[%emt 0:00:02]} 1-0

[Event "9. Forchheimer Sparkassen Open 2010"]
[Site "Forchheim"]
[Date "2010.10.02"]
[Round "2.13"]
[White "Wärtsch, Michael"]
[Black "Winter, Jonathan"]
[Result "0-1"]
[WhiteElo "1687"]
[BlackElo "1895"]
[PlyCount "98"]
[EventDate "2010.??.??"]
[WhiteTeam "SVigung Lüdenscheid e."]
[BlackTeam "SV Haunwöhr SAbt"]

1. e4 {[%emt 0:00:00]} d6 {[%emt 0:00:01]} 2. d4 {[%emt 0:00:01]} Nf6 {
[%emt 0:00:01]} 3. Nc3 {[%emt 0:00:02]} e5 {[%emt 0:00:01]} 4. dxe5 {
[%emt 0:00:02]} dxe5 {[%emt 0:00:01]} 5. Qxd8+ {[%emt 0:00:02]} Kxd8 {
[%emt 0:00:02]} 6. Bc4 {[%emt 0:00:02]} Be6 {[%emt 0:00:02]} 7. Bxe6 {
[%emt 0:00:02]} fxe6 {[%emt 0:00:01]} 8. Be3 {[%emt 0:00:04]} Bb4 {
[%emt 0:00:02]} 9. O-O-O+ {[%emt 0:00:03]} Nbd7 {[%emt 0:00:02]} 10. f3 {
[%emt 0:00:03]} Bxc3 {[%emt 0:00:04]} 11. bxc3 {[%emt 0:00:01]} Ke7 {
[%emt 0:00:06]} 12. Ne2 {[%emt 0:00:03]} Rhd8 {[%emt 0:00:02]} 13. Rd3 {
[%emt 0:00:02]} h6 {[%emt 0:00:01]} 14. h4 {[%emt 0:00:01]} Nb6 {[%emt 0:00:02]
} 15. Rhd1 {[%emt 0:00:02]} Nc4 {[%emt 0:00:01]} 16. Rxd8 {[%emt 0:00:02]} Rxd8
{[%emt 0:00:01]} 17. Rxd8 {[%emt 0:00:02]} Kxd8 {[%emt 0:00:02]} 18. Bf2 {
[%emt 0:00:02]} Kd7 {[%emt 0:00:06]} 19. Kd1 {[%emt 0:00:02]} Kc6 {
[%emt 0:00:03]} 20. Nc1 {[%emt 0:00:03]} b6 {[%emt 0:00:01]} 21. Nd3 {
[%emt 0:00:04]} a5 {[%emt 0:00:02]} 22. Ke2 {[%emt 0:00:01]} Kb5 {
[%emt 0:00:01]} 23. Bg3 {[%emt 0:00:28]} Nd7 {[%emt 0:00:02]} 24. f4 {
[%emt 0:00:02]} exf4 {[%emt 0:00:02]} 25. Bxf4 {[%emt 0:00:02]} e5 {
[%emt 0:00:01]} 26. Bc1 {[%emt 0:00:02]} Nf6 {[%emt 0:00:02]} 27. Kf3 {
[%emt 0:00:03]} h5 {[%emt 0:00:04]} 28. Bg5 {[%emt 0:00:03]} Ng4 {
[%emt 0:00:01]} 29. Be7 {[%emt 0:00:03]} Nd6 {[%emt 0:00:02]} 30. Bf8 {
[%emt 0:00:03]} g6 {[%emt 0:00:01]} 31. Bg7 {[%emt 0:00:01]} Nf7 {
[%emt 0:00:02]} 32. Nb2 {[%emt 0:00:02]} c5 {[%emt 0:00:05]} 33. a4+ {
[%emt 0:00:04]} Kc6 {[%emt 0:00:01]} 34. c4 {[%emt 0:00:03]} Nd6 {
[%emt 0:00:02]} 35. Bf8 {[%emt 0:00:02]} Nf7 {[%emt 0:00:03]} 36. Nd3 {
[%emt 0:00:02]} Kd7 {[%emt 0:00:02]} 37. Bg7 {[%emt 0:00:03]} Ke6 {
[%emt 0:00:03]} 38. Bf8 {[%emt 0:00:03]} Nd8 {[%emt 0:00:04]} 39. g3 {
[%emt 0:00:02]} Nb7 {[%emt 0:00:02]} 40. Bg7 {[%emt 0:00:02]} Nd6 {
[%emt 0:00:04]} 41. Bf8 {[%emt 0:00:04]} Nxc4 {[%emt 0:00:03]} 42. Ke2 {
[%emt 0:00:02]} Kf7 {[%emt 0:00:02]} 43. Bxc5 {[%emt 0:00:03]} bxc5 {
[%emt 0:00:01]} 44. Nxc5 {[%emt 0:00:02]} Ke7 {[%emt 0:00:02]} 45. Kd3 {
[%emt 0:00:02]} Nb6 {[%emt 0:00:01]} 46. Nb7 {[%emt 0:00:01]} Nxa4 {
[%emt 0:00:02]} 47. Nxa5 {[%emt 0:00:01]} Nc5+ {[%emt 0:00:02]} 48. Ke2 {
[%emt 0:00:02]} Nxe4 {[%emt 0:00:01]} 49. Kf3 {[%emt 0:00:02]} Nc3 {
[%emt 0:00:01]} 0-1